| 000 | 005340000a22001810004500 | ||
|---|---|---|---|
| 003 | MACL | ||
| 005 | 20160221121039.0 | ||
| 008 | 160221b xxu||||| |||| 00| 0 eng d | ||
| 040 |
_aMACL _cMACL |
||
| 041 | _aHindi | ||
| 082 | _a355 | ||
| 100 |
_aसहगल जे.आर _939377 |
||
| 245 | _a1962 युद्ध जो लडा नही गया | ||
| 260 |
_bसरस्वती विहार _c1979 _aनई दिल्ली |
||
| 350 | _a30 | ||
| 650 |
_aMilitary Science _939378 |
||
| 942 |
_cHIN _k355 _2ddc |
||
| 999 |
_c27308 _d27308 |
||